| 000 | 02254nam0a2200361 4500 | ||
|---|---|---|---|
| 001 | RU\NLR\BIBL_A\012802481 | ||
| 005 | 20250624163431.0 | ||
| 010 |
_a978-5-6046931-0-0 _9500 |
||
| 021 |
_aRU _b2022-10681 _9КН-П-900 |
||
| 035 | _a(RuMoRGB)010988252 | ||
| 035 | _a(NLR Aleph) 012802481 | ||
| 090 |
_a13187255 _c13187255 |
||
| 100 | _a20220527d2021 |||y0rusy50 ca | ||
| 101 | 0 | _arus | |
| 102 | _aRU | ||
| 105 | _aac z 000gy | ||
| 181 | 0 |
_ai _baxxe |
|
| 182 | 0 | _an | |
| 200 | 1 |
_aШутки времени _e[афористишия] _fКонстантин Ефетов |
|
| 203 |
_aТекст _bвизуальный _cнепосредственный |
||
| 210 |
_aСимферополь _cН.Орiанда _d2021 |
||
| 215 |
_a101, [5] с. _cил., портр. _d19 |
||
| 300 | _aДр. кн. авт. в конце кн. | ||
| 330 | _aИздав 60 томов своих афористиший, изредка переложенных прозой, известнейший острослов, философ, учёный (или, может быть, правильнее - учёный, философ, острослов?) Константин Ефетов вышел на новый рубеж, чтобы с него поражать нас Шутками времени. У названия этого нового собрания острот не менее двух смыслов. Во-первых, это шутки, отображающие парадоксы самого Времени, некогда возникшего в воображении наделённых абстрактным мышлением созданий, во-вторых, это шутки нашего, нынешнего времени. В иных афористишиях они соединяются, выдвигая на передний план то один, то другой смысл | ||
| 333 | _a0+ | ||
| 675 |
_a821.161.1-8 _v4 |
||
| 686 | 2 | _aШ6(2=Р)8-7,5 | |
| 700 | 1 |
_4070 _7ca _8rus _aЕфетов _bК. А. _f1958- _gКонстантин Александрович _9252837 _3RU\NLR\AUTH\770252893 |
|
| 942 | _cBOOK | ||
| 980 | _aNB | ||